000 01057nam a2200241Ia 4500
003 Ost
005 20260507075322.0
008 260507s9999||||xx |||||||||||||| ||und||
020 _a18949999579
040 _cfsecg
041 _aara
082 _a658
100 _aأبو سمرة، محمد عبد
_eمؤلف
245 0 _aإدارة المشروعات /
_c محمد عبد أبو سمرة
260 _aعمان:
_bدار الراية للنشر والتوزيع,
_c2010
300 _a194 صفحة؛
_bإيضاحات ؛
_c25 سم
504 _aببليوغرافيا: ص.193-194
520 _aمدخل الى الادارة، توصييف المشروعات و دراسات الجدوى للمشروعات، اعادة تنظيم و هيكلة المشروعات، إدارة المشروعات التجارية الصغيرة و أخيرا إدارة المشروعات الصغيرة
653 _aإدارة الأعمال
653 _aالمشروعات- تنظيم وإدارة
653 _aدراسة الجدوى
942 _cكتاب
999 _c43932
_d43932